000 02301nam a22002777a 4500
999 _c63208
_d63208
003 Ge_BSU
005 20250627153823.0
008 250627s2024 ge ||||| |||| 00| 0 geo d
020 _a9789941337819
041 _ageo
080 _a347.922(479.22)(094.5) მ-48
245 _aმედიაციის შესახებ საქართველოს კანონის კომენტარი /
_cავტორები: ი. ადეიშვილი, გ. ბარნაბიშვილი, მ. ბიჭია, აკ. გაწერელია [და სხვა]; რედაქტორი ი. ყანდაშვილი.
264 _aთბილისი :
_bუნივერსალი,
_c2024.
300 _a300 გვ. ;
_b21 სმ.
500 _aგამოცემულია საქართველოს მედიატორთა ასოციაციის და გრიგოლ რობაქიძის სახ. უნივერსიტეტის მიერ გაეროს განვითარების პროგრამისა (UNDP) და გერმანიის მთავრობის მხარდაჭერით
504 _aბიბლიოგრაფია ტექსტის შენიშვნებში.
653 _aკანონი მედიაციის შესახებ -- საქართველო
700 _aყანდაშვილი, ირაკლი
_eავტორი, რედაქტორი, წინასიტყვაობის ავტორი
_925556
700 _aადეიშვილი, ირაკლი
_eავტორი
_925557
700 _aბარნაბიშვილი, გურამ
_eავტორი
_925558
700 _aსიხარულიძე, ტარიელ
_eავტორი
_921117
700 _aბიჭია, მიხეილ
_eავტორი
_98142
700 _aჯორბენაძე, სერგი და სხვ.
_eავტორი.
_925559
856 _uhttps://dspace.nplg.gov.ge/bitstream/1234/499251/1/MediaciisShesaxebSaqartvelosKanonisKomentari_2024.pdf
_yელ. ვერსია
942 _2udc
_cᲬᲘᲒᲜᲘ